| 000 | 00799cam a2200241 a 4500 | ||
|---|---|---|---|
| 999 |
_c331650 _d331650 |
||
| 001 | 2466809 | ||
| 003 | NUST | ||
| 005 | 20171012110531.0 | ||
| 008 | 900609r19891932pk 000 0 eng | ||
| 010 | _a 89933231 | ||
| 040 |
_aDLC _cDLC _dDLC |
||
| 043 | _aa-pk--- | ||
| 050 | 0 | 0 |
_aDS392.C35 _bG39 1989 |
| 082 | 0 | 0 |
_a954.9142 _bGAZ |
| 245 | 0 | 0 | _aGazetteer of the Attock District, 1930. |
| 260 |
_aLahore : _bSang-e-Meel Publications, _c1989. |
||
| 300 |
_axv, 326 p. ; _c24 cm. |
||
| 500 | _aPreviously published: 1932. | ||
| 651 | 0 |
_aAttock District (Pakistan) _91322 |
|
| 906 |
_a7 _bcbc _corignew _d3 _encip _f19 _gy-gencatlg |
||
| 942 |
_2ddc _cBK |
||